<?xml version="1.0" encoding="UTF-8"?><?xml-stylesheet type="text/xsl" href="static/style.xsl"?><OAI-PMH xmlns="http://www.openarchives.org/OAI/2.0/" xmlns:xsi="http://www.w3.org/2001/XMLSchema-instance" xsi:schemaLocation="http://www.openarchives.org/OAI/2.0/ http://www.openarchives.org/OAI/2.0/OAI-PMH.xsd"><responseDate>2026-04-13T02:20:06Z</responseDate><request verb="GetRecord" identifier="oai:www.recercat.cat:10459.1/60278" metadataPrefix="marc">https://recercat.cat/oai/request</request><GetRecord><record><header><identifier>oai:recercat.cat:10459.1/60278</identifier><datestamp>2024-12-05T22:17:45Z</datestamp><setSpec>com_2072_3622</setSpec><setSpec>col_2072_479130</setSpec></header><metadata><record xmlns="http://www.loc.gov/MARC21/slim" xmlns:dcterms="http://purl.org/dc/terms/" xmlns:xsi="http://www.w3.org/2001/XMLSchema-instance" xmlns:doc="http://www.lyncode.com/xoai" xsi:schemaLocation="http://www.loc.gov/MARC21/slim http://www.loc.gov/standards/marcxml/schema/MARC21slim.xsd">
   <leader>00925njm 22002777a 4500</leader>
   <datafield ind2=" " ind1=" " tag="042">
      <subfield code="a">dc</subfield>
   </datafield>
   <datafield ind2=" " ind1=" " tag="720">
      <subfield code="a">Parés Casanova, Pere-Miquel</subfield>
      <subfield code="e">author</subfield>
   </datafield>
   <datafield ind2=" " ind1=" " tag="260">
      <subfield code="c">2017-10-05T09:38:10Z</subfield>
   </datafield>
   <datafield ind2=" " ind1=" " tag="260">
      <subfield code="c">2017-10-05T09:38:10Z</subfield>
   </datafield>
   <datafield ind2=" " ind1=" " tag="260">
      <subfield code="c">2017-09-11</subfield>
   </datafield>
   <datafield ind2=" " ind1=" " tag="260">
      <subfield code="c">2017-10-05T09:38:12Z</subfield>
   </datafield>
   <datafield ind2=" " ind1=" " tag="520">
      <subfield code="a">Nota técnica</subfield>
   </datafield>
   <datafield ind2=" " ind1=" " tag="520">
      <subfield code="a">With the aim to know the position of 'Catalan goat' among Spanish caprines, its relationships with other 8 breeds -Spanish Alpine, Blanca Andaluza, Negra Serrana, Mesetas, Murciano-Granadina, Malagueña, Pyrenean and Blanca de Rasquera- were studied and for this purpose, 9 morphological traits were quantitatively analysed. Distance among breeds (morphological index of distance) presented an average value of 20.87± 9.86, with extreme values of 46.64 between Negra Serrana and Alpine breeds, to 4.79 between Negra Serrana and Blanca Andaluza. The obtained dendrogram showed a quite logical structure considering each breed origin. Catalan breed appeared close to 3 Blanca de Rasquera ecotypes, although both were well differentiated by their distances, so it can be concluded that Catalana is not a mere Rasquera ecotype.</subfield>
   </datafield>
   <datafield ind2=" " ind1=" " tag="520">
      <subfield code="a">A fin de situar la recientemente recuperada “cabra Catalana” en el panorama caprino español, se es-&#xd;
tu diaron sus relaciones con 8 razas caprinas: Alpina Española, Blanca Andaluza, Negra Serrana, Mesetas, Murciano-Granadina, Malagueña, Pirenaica y Blanca de Rasquera. Se recurrió para ello al análisis&#xd;
cuantitativo de 9 caracteres morfológicos. La distancia entre razas (índice morfológico de distancia) tomó&#xd;
un valor promedio de 20,87 ± 9,86, con unos valores extremos de 46,64 entre la Negra Serrana y la Al-&#xd;
pina, y 4,79 entre la Negra Serrana y la Blanca Andaluza. El dendrograma obtenido mostró unas agru-&#xd;
paciones muy lógicas si se atiende a los orígenes descritos para cada raza. La Catalana apareció en un&#xd;
clúster junto con los 3 ecotipos de la Blanca de Rasquera, pero diferenciado de ellos, de los que se de-&#xd;
duce que no es un mero ecotipo de la Blanca de Rasquera.</subfield>
   </datafield>
   <datafield ind1="8" ind2=" " tag="024">
      <subfield code="a">http://hdl.handle.net/10459.1/60278</subfield>
   </datafield>
   <datafield tag="653" ind2=" " ind1=" ">
      <subfield code="a">Local caprine breed</subfield>
   </datafield>
   <datafield tag="653" ind2=" " ind1=" ">
      <subfield code="a">Animal conservation</subfield>
   </datafield>
   <datafield tag="653" ind2=" " ind1=" ">
      <subfield code="a">Morphology</subfield>
   </datafield>
   <datafield tag="653" ind2=" " ind1=" ">
      <subfield code="a">Animal ethnology</subfield>
   </datafield>
   <datafield tag="653" ind2=" " ind1=" ">
      <subfield code="a">Zoogenetic resources</subfield>
   </datafield>
   <datafield tag="653" ind2=" " ind1=" ">
      <subfield code="a">Cabres--Races</subfield>
   </datafield>
   <datafield tag="653" ind2=" " ind1=" ">
      <subfield code="a">Morfologia animal</subfield>
   </datafield>
   <datafield ind2="0" ind1="0" tag="245">
      <subfield code="a">Determinación de índices de similitud entre diversas razas caprinas ibéricas y la Catalana</subfield>
   </datafield>
</record></metadata></record></GetRecord></OAI-PMH>